[Event "Titled Tuesday intern op 28th Dec"]
[Site "Chess.com INT"]
[Date "2021.12.28"]
[Round "5"]
[White "Bortnyk, Olexandr"]
[Black "Vlassov, Nikolai"]
[Result "1/2-1/2"]
[WhiteElo "2604"]
[BlackElo "2294"]
[PlyCount "79"]
[EventDate "2021.12.28"]
[EventType "swiss (blitz)"]
[EventRounds "11"]
[EventCountry "USA"]
[SourceTitle "CBM 206 Extra"]
[Source "ChessBase"]
[SourceDate "2022.03.31"]
[SourceVersion "1"]
[SourceVersionDate "2022.03.31"]
[SourceQuality "1"]

1. e4 c5 2. c3 Nf6 3. e5 Nd5 4. d4 cxd4 5. Nf3 d6 6. cxd4 Nc6 7. Nc3 dxe5 8. dxe5 Nxc3 9. Qxd8+ Nxd8 10. bxc3 Bd7 11. Bd3 Bc6 12. Be3 e6 13. Ke2 Be7 14. Nd4 O-O 15. Rab1 b6 16. Nxc6 Nxc6 17. f4 Rac8 18. Rhd1 Na5 19. Bd4 Bc5 20. g4 g6 21. f5 Rfd8 22. Ba6 Rc7 23. Bxc5 Rxd1 24. Rxd1 Rxc5 25. Rd8+ Kg7 26. f6+ Kh6 27. h4 Rxe5+ 28. Kf3 g5 29. Rg8 Nc6 30. Bb7 Na5 31. Rg7 Nxb7 32. Rxf7 Nd6 33. Rg7 gxh4 34. Kf4 Re1 35. g5+ Kh5 36. Rxh7+ Kg6 37. Rg7+ Kh5 38. Rh7+ Kg6 39. Rg7+ Kh5 40. Rh7+ 1/2-1/2

[Event "Titled Tuesday intern op 28th Dec"]
[Site "Chess.com INT"]
[Date "2021.12.28"]
[Round "5"]
[White "Chernomordik, Pavel"]
[Black "Khamdamova, Afruza"]
[Result "0-1"]
[WhiteElo "2182"]
[BlackElo "1771"]
[PlyCount "58"]
[EventDate "2021.12.28"]
[EventType "swiss (blitz)"]
[EventRounds "11"]
[EventCountry "USA"]
[SourceTitle "CBM 206 Extra"]
[Source "ChessBase"]
[SourceDate "2022.03.31"]
[SourceVersion "1"]
[SourceVersionDate "2022.03.31"]
[SourceQuality "1"]

1. e4 e5 2. Nf3 Nf6 3. Nc3 Nc6 4. d4 exd4 5. Nxd4 Be7 6. Be2 O-O 7. Nf5 d5 8. Nxe7+ Nxe7 9. Bg5 dxe4 10. Bxf6 gxf6 11. Nxe4 Qxd1+ 12. Rxd1 Kg7 13. O-O Bf5 14. Bf3 c6 15. c3 Rad8 16. Nd6 Be6 17. Rfe1 Rd7 18. Ne4 Rfd8 19. Rxd7 Rxd7 20. Nc5 Rd2 21. b4 Nd5 22. Nxe6+ fxe6 23. Rxe6 Nxc3 24. Re7+ Kg6 25. Rxb7 Rxa2 26. g4 Ra3 27. Bxc6 Ne2+ 28. Kg2 Nf4+ 29. Kf1 Ra1# 0-1

[Event "Titled Tuesday intern op 28th Dec"]
[Site "Chess.com INT"]
[Date "2021.12.28"]
[Round "5"]
[White "Chincholimath, Halsagar"]
[Black "Buker, Muhittin"]
[Result "0-1"]
[WhiteElo "1754"]
[BlackElo "1967"]
[PlyCount "62"]
[EventDate "2021.12.28"]
[EventType "swiss (blitz)"]
[EventRounds "11"]
[EventCountry "USA"]
[SourceTitle "CBM 206 Extra"]
[Source "ChessBase"]
[SourceDate "2022.03.31"]
[SourceVersion "1"]
[SourceVersionDate "2022.03.31"]
[SourceQuality "1"]

1. e4 e6 2. d4 d5 3. e5 c5 4. Bd3 Nc6 5. Nf3 cxd4 6. O-O Bc5 7. Bg5 Qb6 8. a3 Qxb2 9. Nbd2 Qb6 10. Nb3 Be7 11. Bf4 Bd7 12. Rb1 Qc7 13. Nbxd4 Nxd4 14. Nxd4 Bxa3 15. Nb5 Bxb5 16. Bxb5+ Kf8 17. Qf3 Be7 18. c4 d4 19. Ba4 Rb8 20. Rfd1 Bc5 21. Bg5 b6 22. Bc2 h6 23. Bh4 Ne7 24. Rf1 a5 25. Rfe1 Nc6 26. Re4 Nb4 27. Bd1 Rd8 28. Rf4 Rd7 29. Qa8+ Rd8 30. Bxd8 Qc6 31. Bf6+ Qxa8 0-1

[Event "Titled Tuesday intern op 28th Dec"]
[Site "Chess.com INT"]
[Date "2021.12.28"]
[Round "5"]
[White "Cruz Ravina, Francisco Javier"]
[Black "Kucuksari, Kaan"]
[Result "0-1"]
[WhiteElo "2411"]
[BlackElo "2337"]
[PlyCount "100"]
[EventDate "2021.12.28"]
[EventType "swiss (blitz)"]
[EventRounds "11"]
[EventCountry "USA"]
[SourceTitle "CBM 206 Extra"]
[Source "ChessBase"]
[SourceDate "2022.03.31"]
[SourceVersion "1"]
[SourceVersionDate "2022.03.31"]
[SourceQuality "1"]

1. e4 c5 2. Nf3 e6 3. b3 a6 4. Bb2 Nc6 5. g3 b5 6. Bg2 Bb7 7. O-O Nf6 8. Re1 Be7 9. d4 cxd4 10. Nxd4 Nxd4 11. Bxd4 Qc7 12. Nd2 O-O 13. c4 d6 14. e5 dxe5 15. Bxe5 Qb6 16. Bxb7 Qxb7 17. Qe2 Rfd8 18. Red1 Rd7 19. cxb5 axb5 20. Nf3 h6 21. Bxf6 Bxf6 22. Rxd7 Qxd7 23. Rd1 Qa7 24. Rd2 Bc3 25. Rc2 b4 26. Ne5 Qd4 27. Qf3 Rf8 28. Nc4 Qd5 29. Qe2 Rd8 30. Ne3 Qa8 31. Nc4 Rd4 32. Rc1 Re4 33. Qd3 Qd5 34. Qxd5 exd5 35. Ne3 d4 36. Nc4 d3 37. Rd1 d2 38. Ne3 Re8 39. Kf1 Ra8 40. Ke2 Rxa2 41. Nc4 f5 42. Kd3 Kf7 43. f4 Ke6 44. h4 Kd5 45. Ne3+ Ke6 46. Nc4 Kf6 47. Ne3 Rb2 48. Nd5+ Ke6 49. Kc4 Rc2 50. Nxb4 Rc1 0-1

[Event "Titled Tuesday intern op 28th Dec"]
[Site "Chess.com INT"]
[Date "2021.12.28"]
[Round "5"]
[White "Dias, Joao Batista de Sou"]
[Black "Schrik, Rachid"]
[Result "1/2-1/2"]
[WhiteElo "1838"]
[BlackElo "2211"]
[PlyCount "123"]
[EventDate "2021.12.28"]
[EventType "swiss (blitz)"]
[EventRounds "11"]
[EventCountry "USA"]
[SourceTitle "CBM 206 Extra"]
[Source "ChessBase"]
[SourceDate "2022.03.31"]
[SourceVersion "1"]
[SourceVersionDate "2022.03.31"]
[SourceQuality "1"]

1. e4 c5 2. Nf3 Nc6 3. d4 cxd4 4. Nxd4 e5 5. Nxc6 bxc6 6. Be2 f5 7. Nc3 Nf6 8. Bf3 fxe4 9. Nxe4 d5 10. Nxf6+ Qxf6 11. O-O Bd6 12. c4 e4 13. Re1 O-O 14. cxd5 exf3 15. dxc6 Bxh2+ 16. Kxh2 Qh4+ 17. Kg1 Qg4 18. Qd5+ Kh8 19. Qg5 fxg2 20. Qxg4 Bxg4 21. Kxg2 Bf3+ 22. Kg3 Bxc6 23. Re7 Rf3+ 24. Kg4 Rxf2 25. Be3 Rg2+ 26. Kh3 Rf8 27. Bd4 h5 28. Rc1 Rg6 29. Rg1 Rxg1 30. Bxg1 Kg8 31. Bd4 Rf7 32. Re5 g6 33. Rc5 Rf3+ 34. Kh4 Rf4+ 35. Kg5 Rxd4 36. Rxc6 Rd2 37. Kxg6 Kf8 38. Kxh5 Rxb2 39. Ra6 Rb7 40. Kg5 Re7 41. Kf6 Ke8 42. a4 Kd8 43. a5 Rh7 44. Ke5 Kc8 45. Kd5 Kb7 46. Re6 Rh5+ 47. Kc4 Rxa5 48. Kb4 Ra1 49. Kb3 a5 50. Kb2 Ra4 51. Kb3 Rb4+ 52. Ka3 Rb6 53. Re8 Ka6 54. Re5 Rb5 55. Re6+ Rb6 56. Re8 Rc6 57. Re5 Rb6 58. Rg5 Rb5 59. Rg6+ Rb6 60. Rg5 Rb5 61. Rg6+ Rb6 62. Rg5 1/2-1/2

[Event "Titled Tuesday intern op 28th Dec"]
[Site "Chess.com INT"]
[Date "2021.12.28"]
[Round "5"]
[White "Elgersma, Onno"]
[Black "Karavaeva, Olga"]
[Result "0-1"]
[WhiteElo "2282"]
[BlackElo "2260"]
[PlyCount "54"]
[EventDate "2021.12.28"]
[EventType "swiss (blitz)"]
[EventRounds "11"]
[EventCountry "USA"]
[SourceTitle "CBM 206 Extra"]
[Source "ChessBase"]
[SourceDate "2022.03.31"]
[SourceVersion "1"]
[SourceVersionDate "2022.03.31"]
[SourceQuality "1"]

1. c4 e6 2. Nf3 d5 3. d4 c6 4. Qc2 Nf6 5. Nbd2 Nbd7 6. e3 Bd6 7. Bd3 O-O 8. e4 dxe4 9. Nxe4 Nxe4 10. Bxe4 h6 11. O-O e5 12. Rd1 exd4 13. Rxd4 Qc7 14. Be3 Ne5 15. Rad1 Nxf3+ 16. Bxf3 Bxh2+ 17. Kf1 Be5 18. Rh4 Rd8 19. Re1 Bf6 20. Rh5 Be6 21. Kg1 Rd7 22. c5 Rad8 23. Bxh6 gxh6 24. Rxh6 Bg7 25. Qh7+ Kf8 26. Rh5 Qf4 27. Rh4 Qf5 0-1

[Event "Titled Tuesday intern op 28th Dec"]
[Site "Chess.com INT"]
[Date "2021.12.28"]
[Round "5"]
[White "Estrada Nieto, Julian"]
[Black "Vifleemskaia, Svetlana"]
[Result "0-1"]
[WhiteElo "2253"]
[BlackElo "1926"]
[PlyCount "102"]
[EventDate "2021.12.28"]
[EventType "swiss (blitz)"]
[EventRounds "11"]
[EventCountry "USA"]
[SourceTitle "CBM 206 Extra"]
[Source "ChessBase"]
[SourceDate "2022.03.31"]
[SourceVersion "1"]
[SourceVersionDate "2022.03.31"]
[SourceQuality "1"]

1. e4 e5 2. Nf3 Nc6 3. Bb5 a6 4. Ba4 Nf6 5. O-O Be7 6. Re1 b5 7. Bb3 d6 8. c3 O-O 9. d3 Be6 10. Bxe6 fxe6 11. a4 Qd7 12. Nbd2 Nh5 13. Nf1 Nf4 14. Ng3 Bf6 15. d4 Ng6 16. Nh5 Kh8 17. Nxf6 gxf6 18. d5 Nce7 19. Bh6 Rg8 20. dxe6 Qxe6 21. axb5 axb5 22. Rxa8 Rxa8 23. Qe2 Qc4 24. Qxc4 bxc4 25. Nd2 Ra4 26. g3 Kg8 27. Rb1 Kf7 28. h4 Nf8 29. Bxf8 Kxf8 30. Kg2 Kf7 31. Kf3 Ke6 32. Kg4 c6 33. f4 f5+ 34. exf5+ Nxf5 35. Kf3 d5 36. fxe5 Kxe5 37. Re1+ Kd6 38. Kf4 Ne7 39. Nf3 c5 40. Kg5 Ra2 41. Re2 Ra8 42. Kh6 Rg8 43. Ng5 Nf5+ 44. Kxh7 Rg7+ 45. Kh8 Rb7 46. Re6+ Kd7 47. Rf6 Nxg3 48. Rf7+ Kc6 49. Rf6+ Kb5 50. Rd6 Nf5 51. Rxd5 Nxh4 0-1

[Event "Titled Tuesday intern op 28th Dec"]
[Site "Chess.com INT"]
[Date "2021.12.28"]
[Round "5"]
[White "Farmani Anosheh, Armin"]
[Black "Bashirli, Saadat"]
[Result "1-0"]
[WhiteElo "2345"]
[BlackElo "1395"]
[PlyCount "91"]
[EventDate "2021.12.28"]
[EventType "swiss (blitz)"]
[EventRounds "11"]
[EventCountry "USA"]
[SourceTitle "CBM 206 Extra"]
[Source "ChessBase"]
[SourceDate "2022.03.31"]
[SourceVersion "1"]
[SourceVersionDate "2022.03.31"]
[SourceQuality "1"]

1. d4 d5 2. c4 e6 3. Nf3 c6 4. g3 dxc4 5. Bg2 Nf6 6. Ne5 Bb4+ 7. Nc3 Nd5 8. Bd2 Bxc3 9. bxc3 O-O 10. Nxc4 Nd7 11. a4 N7f6 12. a5 Bd7 13. O-O Qc7 14. e4 Ne7 15. Bf4 Qd8 16. Rb1 b6 17. axb6 axb6 18. Nxb6 Ra7 19. Bd6 Re8 20. Bc5 Rb7 21. c4 Qc7 22. e5 Nfd5 23. cxd5 cxd5 24. Nxd7 Qxd7 25. Bxe7 Qxe7 26. Rxb7 Qxb7 27. Qb1 Qa7 28. Qa1 Qb7 29. Rb1 Qc7 30. Bf1 h6 31. Qb2 Rc8 32. Bd3 g6 33. h4 Kg7 34. Kg2 Qc3 35. Qxc3 Rxc3 36. Rd1 Ra3 37. Kf3 g5 38. hxg5 hxg5 39. Ke3 Kh6 40. Rh1+ Kg7 41. Rh7+ Kf8 42. Rh5 g4 43. Rg5 Ke7 44. Rxg4 Ra1 45. Rg7 Re1+ 46. Be2 1-0

[Event "Titled Tuesday intern op 28th Dec"]
[Site "Chess.com INT"]
[Date "2021.12.28"]
[Round "5"]
[White "Gracia Alvarez, Gerardo Antonio"]
[Black "Starozhilov, Leonid"]
[Result "1-0"]
[WhiteElo "2237"]
[BlackElo "2293"]
[PlyCount "73"]
[EventDate "2021.12.28"]
[EventType "swiss (blitz)"]
[EventRounds "11"]
[EventCountry "USA"]
[SourceTitle "CBM 206 Extra"]
[Source "ChessBase"]
[SourceDate "2022.03.31"]
[SourceVersion "1"]
[SourceVersionDate "2022.03.31"]
[SourceQuality "1"]

1. e4 c5 2. Nf3 e6 3. d3 Nc6 4. g3 g6 5. Bg2 Bg7 6. c3 Nge7 7. h4 h6 8. d4 cxd4 9. cxd4 d5 10. e5 f6 11. exf6 Bxf6 12. O-O Nf5 13. Nc3 Kf7 14. Ne2 g5 15. h5 Qb6 16. g4 Nfxd4 17. Nfxd4 Nxd4 18. Be3 Nxe2+ 19. Qxe2 d4 20. Bd2 Bd7 21. Qe4 Ke7 22. Rae1 a5 23. f4 gxf4 24. Bxf4 Rag8 25. Be5 Bxe5 26. Qxe5 Qd6 27. Qf6+ Ke8 28. Re4 Rf8 29. Qg6+ Kd8 30. Rd1 Rhg8 31. Qxh6 d3 32. Re3 Rh8 33. Qg5+ Kc7 34. Rexd3 Qc5+ 35. Qxc5+ Kb8 36. Rxd7 Rc8 37. Rxb7+ 1-0

[Event "Titled Tuesday intern op 28th Dec"]
[Site "Chess.com INT"]
[Date "2021.12.28"]
[Round "5"]
[White "Grot, Blazej"]
[Black "Bures, Vit"]
[Result "0-1"]
[WhiteElo "1822"]
[BlackElo "2119"]
[PlyCount "82"]
[EventDate "2021.12.28"]
[EventType "swiss (blitz)"]
[EventRounds "11"]
[EventCountry "USA"]
[SourceTitle "CBM 206 Extra"]
[Source "ChessBase"]
[SourceDate "2022.03.31"]
[SourceVersion "1"]
[SourceVersionDate "2022.03.31"]
[SourceQuality "1"]

1. e4 e5 2. Nf3 Nc6 3. Bb5 a6 4. Ba4 Nf6 5. O-O Be7 6. Re1 b5 7. Bb3 O-O 8. h3 Bb7 9. c3 d5 10. d3 dxe4 11. dxe4 Qxd1 12. Bxd1 h6 13. Bc2 Bd6 14. Nbd2 a5 15. a4 b4 16. Nc4 Ba6 17. Bb3 bxc3 18. bxc3 Rab8 19. Ba2 Rfe8 20. Nxd6 cxd6 21. Ba3 Red8 22. Rad1 Rbc8 23. Bxd6 Re8 24. Ba3 Nb8 25. Bd6 Nbd7 26. Rc1 Rc6 27. Ba3 Rec8 28. Re3 Bc4 29. Bxc4 Rxc4 30. Bd6 Rxa4 31. Nxe5 Nxe5 32. Bxe5 Nxe4 33. Bd4 Rxd4 34. cxd4 Rxc1+ 35. Kh2 Nxf2 36. Re8+ Kh7 37. d5 Rd1 38. Re2 Nd3 39. d6 Nf4 40. Rf2 g5 41. g3 Ne6 0-1

[Event "Titled Tuesday intern op 28th Dec"]
[Site "Chess.com INT"]
[Date "2021.12.28"]
[Round "5"]
[White "Guliev, Logman"]
[Black "Korchmar, Vasiliy"]
[Result "0-1"]
[WhiteElo "2260"]
[BlackElo "2450"]
[PlyCount "90"]
[EventDate "2021.12.28"]
[EventType "swiss (blitz)"]
[EventRounds "11"]
[EventCountry "USA"]
[SourceTitle "CBM 206 Extra"]
[Source "ChessBase"]
[SourceDate "2022.03.31"]
[SourceVersion "1"]
[SourceVersionDate "2022.03.31"]
[SourceQuality "1"]

1. e4 c5 2. Nf3 d6 3. d4 cxd4 4. Nxd4 Nf6 5. Nc3 Nc6 6. Bg5 e6 7. Qd2 a6 8. O-O-O h6 9. Be3 Be7 10. f3 Nxd4 11. Bxd4 b5 12. Kb1 Rb8 13. g4 b4 14. Ne2 e5 15. Be3 Be6 16. Nc1 d5 17. Qe1 Qc7 18. Bd3 dxe4 19. fxe4 Nxg4 20. Bg1 O-O 21. h3 Nf6 22. Be3 Bc5 23. Rg1 Kh8 24. Rg3 Bxe3 25. Qxe3 Nh5 26. Rf3 Nf4 27. Rg1 f6 28. Rfg3 Rf7 29. Ne2 a5 30. Qf3 a4 31. Nxf4 exf4 32. Rg6 a3 33. Qh5 Qe7 34. e5 f5 35. b3 Rd8 36. Bc4 Bxc4 37. bxc4 Qxe5 38. c3 Qxc3 39. R6g2 Rfd7 40. Rc2 Qd4 41. Rgc1 Rb7 42. Qxf5 b3 43. axb3 Rxb3+ 44. Ka2 Rb2+ 45. Kxa3 Ra8+ 0-1

[Event "Titled Tuesday intern op 28th Dec"]
[Site "Chess.com INT"]
[Date "2021.12.28"]
[Round "5"]
[White "Gurevich, Dmitry"]
[Black "Manukian, Artak"]
[Result "1-0"]
[WhiteElo "2358"]
[BlackElo "2196"]
[PlyCount "71"]
[EventDate "2021.12.28"]
[EventType "swiss (blitz)"]
[EventRounds "11"]
[EventCountry "USA"]
[SourceTitle "CBM 206 Extra"]
[Source "ChessBase"]
[SourceDate "2022.03.31"]
[SourceVersion "1"]
[SourceVersionDate "2022.03.31"]
[SourceQuality "1"]

1. d4 Nf6 2. c4 e6 3. g3 d5 4. Bg2 dxc4 5. Nf3 c5 6. O-O Nc6 7. dxc5 Qxd1 8. Rxd1 Bxc5 9. Nbd2 c3 10. bxc3 O-O 11. Ng5 Rd8 12. Bb2 Be7 13. Nb3 Bd7 14. c4 Be8 15. Nf3 Rxd1+ 16. Rxd1 Rd8 17. Rxd8 Bxd8 18. Nfd4 Bb6 19. Nxc6 bxc6 20. h3 Bd7 21. Bc3 Kf8 22. Kf1 Ke7 23. Bb4+ Kd8 24. Bf8 g6 25. e3 Ne8 26. Ke2 e5 27. f4 exf4 28. gxf4 f5 29. Kd3 Kc7 30. c5 Be6 31. Kd4 Bxb3 32. cxb6+ axb6 33. axb3 Nf6 34. Be7 Nd7 35. h4 Nb8 36. Ke5 1-0

[Event "Titled Tuesday intern op 28th Dec"]
[Site "Chess.com INT"]
[Date "2021.12.28"]
[Round "5"]
[White "Guseinov, Gadir"]
[Black "Yakubboev, Nodirbek"]
[Result "1-0"]
[WhiteElo "2661"]
[BlackElo "2630"]
[PlyCount "63"]
[EventDate "2021.12.28"]
[EventType "swiss (blitz)"]
[EventRounds "11"]
[EventCountry "USA"]
[SourceTitle "CBM 206 Extra"]
[Source "ChessBase"]
[SourceDate "2022.03.31"]
[SourceVersion "1"]
[SourceVersionDate "2022.03.31"]
[SourceQuality "1"]

1. e4 c5 2. Nc3 Nc6 3. Bb5 Nd4 4. Nf3 e6 5. O-O a6 6. Bd3 Nxf3+ 7. Qxf3 Qc7 8. b3 Bd6 9. Qh3 Ne7 10. Bb2 Ng6 11. Ne2 O-O 12. f4 b5 13. f5 c4 14. Bxc4 bxc4 15. fxg6 hxg6 16. Kh1 Bb7 17. Qe3 f6 18. Nf4 Kf7 19. e5 Be7 20. Qg3 g5 21. Nh5 f5 22. Rxf5+ Kg8 23. Rxg5 Bxg5 24. Qxg5 Bxg2+ 25. Qxg2 Qc6 26. Qxc6 dxc6 27. bxc4 Kh7 28. Rg1 Rf2 29. Bc3 Rg8 30. Ng3 Rf4 31. d3 Rgf8 32. Ne4 1-0

[Event "Titled Tuesday intern op 28th Dec"]
[Site "Chess.com INT"]
[Date "2021.12.28"]
[Round "5"]
[White "Hamley, Ryan"]
[Black "Jeran, Bostjan"]
[Result "1-0"]
[WhiteElo "2077"]
[BlackElo "2205"]
[PlyCount "115"]
[EventDate "2021.12.28"]
[EventType "swiss (blitz)"]
[EventRounds "11"]
[EventCountry "USA"]
[SourceTitle "CBM 206 Extra"]
[Source "ChessBase"]
[SourceDate "2022.03.31"]
[SourceVersion "1"]
[SourceVersionDate "2022.03.31"]
[SourceQuality "1"]

1. d4 g6 2. c4 Bg7 3. Nf3 d6 4. Nc3 Nf6 5. e4 O-O 6. Be2 c5 7. O-O cxd4 8. Nxd4 Nc6 9. Be3 Bd7 10. Rc1 a5 11. b3 Nxd4 12. Bxd4 Bc6 13. f3 Nd7 14. Bxg7 Kxg7 15. Qd4+ Kg8 16. a3 Qb8 17. b4 b6 18. f4 Qa7 19. Bf3 Rfd8 20. Qe3 Rac8 21. Ne2 axb4 22. axb4 Qa4 23. Qc3 Qa8 24. Ra1 Qb8 25. Qd3 b5 26. c5 dxc5 27. bxc5 Nxc5 28. Qe3 Nd7 29. Nd4 b4 30. Rfc1 Ba8 31. Rcb1 Qb6 32. Ra4 Rb8 33. Raxb4 Qxb4 34. Rxb4 Rxb4 35. Nc6 Bxc6 36. h3 Rdb8 37. Kh2 Rb3 38. Qd4 R8b4 39. Qa7 Rb7 40. Qd4 f6 41. f5 Ne5 42. Qd8+ Kg7 43. Bg4 g5 44. Bh5 Rb8 45. Qxe7+ Kh8 46. Qxf6+ Kg8 47. Qxe5 R3b7 48. Qe6+ Kh8 49. Qxc6 Rb6 50. Qc3+ Kg8 51. Qe5 h6 52. f6 Rf8 53. Qf5 Rbxf6 54. Qd5+ Kg7 55. e5 Rf5 56. Qd7+ Kh8 57. e6 Re5 58. Bg6 1-0

[Event "Titled Tuesday intern op 28th Dec"]
[Site "Chess.com INT"]
[Date "2021.12.28"]
[Round "5"]
[White "Hansen, Sune Berg"]
[Black "Tasev, Dejan"]
[Result "1-0"]
[WhiteElo "2526"]
[BlackElo "2272"]
[PlyCount "75"]
[EventDate "2021.12.28"]
[EventType "swiss (blitz)"]
[EventRounds "11"]
[EventCountry "USA"]
[SourceTitle "CBM 206 Extra"]
[Source "ChessBase"]
[SourceDate "2022.03.31"]
[SourceVersion "1"]
[SourceVersionDate "2022.03.31"]
[SourceQuality "1"]

1. e4 c6 2. d4 d5 3. e5 Bf5 4. c4 e6 5. Nc3 Ne7 6. Nf3 h6 7. h3 g5 8. b3 Bg7 9. Ba3 O-O 10. Be2 Nd7 11. Qd2 f6 12. exf6 Bxf6 13. Bd3 Rf7 14. Bxf5 Nxf5 15. O-O dxc4 16. bxc4 Nb6 17. Bc5 Qd7 18. Qd3 Rd8 19. Rad1 Nc8 20. Ne4 Bg7 21. Qe2 b6 22. Ne5 Bxe5 23. dxe5 Qc7 24. Rxd8+ Qxd8 25. Rd1 Qc7 26. Bd6 Qb7 27. c5 bxc5 28. Qh5 Kg7 29. Nxc5 Qb5 30. Nxe6+ Kg8 31. Qg6+ Ng7 32. Nd8 Rf5 33. Ne6 Rf7 34. Nxg7 Rxg7 35. Qe8+ Kh7 36. Qxc8 Qe2 37. Qf5+ Kh8 38. Rb1 1-0

[Event "Titled Tuesday intern op 28th Dec"]
[Site "Chess.com INT"]
[Date "2021.12.28"]
[Round "5"]
[White "Hardaway, Brewington"]
[Black "Butti, Enrique"]
[Result "0-1"]
[WhiteElo "2207"]
[BlackElo "2065"]
[PlyCount "90"]
[EventDate "2021.12.28"]
[EventType "swiss (blitz)"]
[EventRounds "11"]
[EventCountry "USA"]
[SourceTitle "CBM 206 Extra"]
[Source "ChessBase"]
[SourceDate "2022.03.31"]
[SourceVersion "1"]
[SourceVersionDate "2022.03.31"]
[SourceQuality "1"]

1. e4 c5 2. Nf3 d6 3. Nc3 Nf6 4. d4 cxd4 5. Nxd4 a6 6. g3 e5 7. Nde2 b5 8. Bg2 Bb7 9. O-O Nbd7 10. h3 h5 11. Be3 Rc8 12. a4 b4 13. Nd5 Nxd5 14. exd5 Be7 15. Qd3 h4 16. g4 Bg5 17. f4 exf4 18. Nxf4 Ne5 19. Qe2 O-O 20. b3 Re8 21. Qd2 a5 22. Rae1 Rc3 23. Nh5 Bxe3+ 24. Rxe3 Qb6 25. Rfe1 Nc4 26. bxc4 Rcxe3 27. Rxe3 Qxe3+ 28. Qf2 Qxf2+ 29. Kxf2 Ba6 30. Bf1 Rc8 31. Nf4 Bxc4 32. Bg2 Ba2 33. Be4 Bb1 34. Bf5 Rc4 35. Ke3 Bxc2 36. Nd3 Bxd3 37. Bxd3 Rc1 38. Kd4 Kf8 39. Bf5 Ke7 40. g5 Rg1 41. Kc4 Rxg5 42. Be4 Re5 43. Bf3 f5 44. Kb5 b3 45. Kxa5 b2 0-1

[Event "Titled Tuesday intern op 28th Dec"]
[Site "Chess.com INT"]
[Date "2021.12.28"]
[Round "5"]
[White "Havanecz, Bianka"]
[Black "Vivas Zamora, Fabian Ernesto"]
[Result "0-1"]
[WhiteElo "2229"]
[BlackElo "2344"]
[PlyCount "44"]
[EventDate "2021.12.28"]
[EventType "swiss (blitz)"]
[EventRounds "11"]
[EventCountry "USA"]
[SourceTitle "CBM 206 Extra"]
[Source "ChessBase"]
[SourceDate "2022.03.31"]
[SourceVersion "1"]
[SourceVersionDate "2022.03.31"]
[SourceQuality "1"]

1. d4 Nf6 2. c4 g6 3. Nc3 d5 4. Nf3 Bg7 5. Bf4 O-O 6. Rc1 dxc4 7. e3 Nh5 8. Bg3 c5 9. Bxc4 cxd4 10. exd4 Nxg3 11. hxg3 Bg4 12. Rh4 h5 13. Qb3 Nc6 14. Qxb7 Na5 15. Qa6 Bc8 16. Qxg6 Nxc4 17. Qxh5 Re8 18. Qh7+ Kf8 19. Rf4 e5 20. dxe5 Nxe5 21. Kf1 Qd3+ 22. Kg1 Qxh7 0-1

[Event "Titled Tuesday intern op 28th Dec"]
[Site "Chess.com INT"]
[Date "2021.12.28"]
[Round "5"]
[White "Heinemann, Josefine"]
[Black "Makhmudov, Shukhrat"]
[Result "1-0"]
[WhiteElo "2369"]
[BlackElo "2115"]
[PlyCount "55"]
[EventDate "2021.12.28"]
[EventType "swiss (blitz)"]
[EventRounds "11"]
[EventCountry "USA"]
[SourceTitle "CBM 206 Extra"]
[Source "ChessBase"]
[SourceDate "2022.03.31"]
[SourceVersion "1"]
[SourceVersionDate "2022.03.31"]
[SourceQuality "1"]

1. e4 e5 2. Nf3 Nc6 3. Bc4 Nf6 4. d3 Bc5 5. O-O Bb6 6. a4 d6 7. c3 a6 8. Nbd2 Ne7 9. a5 Ba7 10. h3 Ng6 11. Re1 O-O 12. Nf1 c6 13. Ba2 h6 14. Ng3 Re8 15. d4 Nf4 16. dxe5 dxe5 17. Qxd8 Rxd8 18. Nxe5 g5 19. Nxf7 Rd3 20. Nxg5+ Kg7 21. Bxf4 hxg5 22. Be5 Kg6 23. Nf5 Bxf5 24. exf5+ Kxf5 25. Bb1 Rad8 26. Bxf6 Kxf6 27. Bxd3 Rxd3 28. Rad1 1-0

[Event "Titled Tuesday intern op 28th Dec"]
[Site "Chess.com INT"]
[Date "2021.12.28"]
[Round "5"]
[White "Hollan, Petr"]
[Black "Milanovic, Marko"]
[Result "1-0"]
[WhiteElo "2285"]
[BlackElo "2309"]
[PlyCount "99"]
[EventDate "2021.12.28"]
[EventType "swiss (blitz)"]
[EventRounds "11"]
[EventCountry "USA"]
[SourceTitle "CBM 206 Extra"]
[Source "ChessBase"]
[SourceDate "2022.03.31"]
[SourceVersion "1"]
[SourceVersionDate "2022.03.31"]
[SourceQuality "1"]

1. e4 e5 2. Nf3 Nc6 3. Bb5 a6 4. Ba4 Nf6 5. O-O Be7 6. Re1 b5 7. Bb3 d6 8. c3 O-O 9. h3 Nb8 10. d4 Nbd7 11. Nbd2 Bb7 12. Bc2 Re8 13. Nf1 Bf8 14. Ng3 g6 15. Bg5 h6 16. Bd2 Bg7 17. Nh2 c5 18. d5 c4 19. b4 cxb3 20. axb3 Nc5 21. b4 Ncd7 22. Ng4 Kh7 23. Qf3 h5 24. Nxf6+ Qxf6 25. Qe2 Bh6 26. Bxh6 Kxh6 27. Bd3 Kg7 28. c4 bxc4 29. Bxc4 h4 30. Nf1 Qf4 31. Bxa6 Bxa6 32. Rxa6 Nf6 33. Rxd6 Ra4 34. f3 Rxb4 35. Qe3 g5 36. Qxf4 gxf4 37. Rc1 Rb2 38. Rdc6 Ra8 39. R6c2 Rb4 40. Nd2 Rd4 41. Nb3 Rb4 42. Nd2 Rab8 43. Nc4 Nd7 44. Nd6 R4b6 45. Nf5+ Kg8 46. Rc8+ Kh7 47. R8c7 Rd8 48. R1c6 Rb1+ 49. Kh2 Rbb8 50. Rd6 1-0

[Event "Titled Tuesday intern op 28th Dec"]
[Site "Chess.com INT"]
[Date "2021.12.28"]
[Round "5"]
[White "Holt, Conrad"]
[Black "Kleiman, Jake"]
[Result "1-0"]
[WhiteElo "2553"]
[BlackElo "2399"]
[PlyCount "41"]
[EventDate "2021.12.28"]
[EventType "swiss (blitz)"]
[EventRounds "11"]
[EventCountry "USA"]
[SourceTitle "CBM 206 Extra"]
[Source "ChessBase"]
[SourceDate "2022.03.31"]
[SourceVersion "1"]
[SourceVersionDate "2022.03.31"]
[SourceQuality "1"]

1. d4 Nf6 2. c4 e6 3. Nc3 Bb4 4. Qc2 O-O 5. e4 d5 6. e5 Ne4 7. Bd3 c5 8. Nf3 cxd4 9. Nxd4 Nd7 10. Bf4 Ndc5 11. O-O Bxc3 12. bxc3 Nxd3 13. Qxd3 Qd7 14. Nb3 b6 15. Rfd1 Ba6 16. Qxe4 Qa4 17. Qe3 Bxc4 18. Rd4 Qa3 19. Bh6 gxh6 20. Rg4+ Kh8 21. Qxh6 1-0